| 000 | 00987cam a2200229 4500500 | ||
|---|---|---|---|
| 005 | 20251228052321.0 | ||
| 041 | _afre | ||
| 042 | _adc | ||
| 100 | 1 | 0 |
_aSoutet, Olivier _eauthor |
| 245 | 0 | 0 | _aÀ propos de Pierre Cahné, Lectures lentes. Linguistique et critique littéraire |
| 260 | _c2011. | ||
| 500 | _a25 | ||
| 520 | _aRésuméPierre Cahné faisant référence de manière quasi constante dans Lectures lentes à la psychomécanique du langage, il a paru utile à la fois de rappeler les apports majeurs de cette théorie du langage et d’apprécier sa portée et ses limites pour l’analyse textuelle. | ||
| 690 | _aGustave Guillaume | ||
| 690 | _aLeo Spitzer | ||
| 690 | _apsychomécanique du langage | ||
| 690 | _asignifié | ||
| 690 | _asynchronie | ||
| 690 | _avariante | ||
| 786 | 0 | _nTransversalités | 119 | 3 | 2011-09-01 | p. 199-213 | 1286-9449 | |
| 856 | 4 | 1 | _uhttps://shs.cairn.info/revue-transversalites-2011-3-page-199?lang=fr&redirect-ssocas=7080 |
| 999 |
_c1583288 _d1583288 |
||